000 00276nam a22001217a 4500
008 170615b xxu||||| |||| 00| 0 eng d
041 _aeng
080 _a32
100 _a20
101 _aSHP
245 _aTHE POLITICS OF THE DEVELOPING AREAS
_cALMOND, G.A
942 _2udc
_cBK
999 _c17660
_d17660